000 00432 a2200157 4500
003 OSt
005 20240116150315.0
008 240116b |||||||| |||| 00| 0 eng d
040 _coclc
082 _a297
_bABD/I
100 _aAbdulla, P
_910267
245 _aIslamile sambathika vyavastha /
_cProf P Abdulla
260 _aKerala:
_bKNM,
_c2012.
300 _a152p
942 _2ddc
_cBK
_h297
_iABD/I
_k297
_mABD/I
999 _c43212
_d43212